[Event "4th GRENKE Open 2019"]
[Site "Karlsruhe"]
[Date "2019.04.22"]
[Round "9.21"]
[White "Garriga Cazorla, Pere"]
[Black "Goganov, Aleksey"]
[Result "1-0"]
[WhiteElo "2445"]
[BlackElo "2580"]
[Annotator "ChessBase"]
[PlyCount "91"]
[EventDate "2019.04.18"]
[EventType "swiss"]
[EventCountry "GER"]
[SourceTitle "playchess.com"]
[Source "ChessBase"]
[SourceQuality "1"]

1. d4 Nf6 2. c4 g6 3. f3 Nc6 4. d5 Ne5 5. e4 d6 6. Nc3 Bg7 7. Be2 O-O 8. f4 Ned7 9. Nh3 Nc5 10. Nf2 e5 11. fxe5 Ne8 12. exd6 Nxd6 13. O-O Qh4 14. g3 Qe7 15. Be3 Ndxe4 16. Ncxe4 Nxe4 17. Bd4 Bf5 18. Bxg7 Kxg7 19. Qd4+ Qf6 20. Qxf6+ Nxf6 21. Rfe1 Rae8 22. Bd3 Bxd3 23. Nxd3 Ne4 24. b3 Nd6 25. Kg2 h5 26. Kf3 a5 27. Rxe8 Rxe8 28. Re1 Rxe1 29. Nxe1 f5 30. Nd3 Kf6 31. Nf4 b5 32. c5 Ne4 33. d6 cxd6 34. c6 Ke7 35. Nxg6+ Kd8 36. Nh4 Nc3 37. Nxf5 Kc7 38. g4 hxg4+ 39. Kxg4 Nxa2 40. Nd4 Nc3 41. h4 a4 42. bxa4 bxa4 43. h5 a3 44. h6 a2 45. Nc2 Nd5 46. Kg5 1-0

[Event "4th GRENKE Open 2019"]
[Site "Karlsruhe"]
[Date "2019.04.22"]
[Round "9.22"]
[White "Wagner, Dennis"]
[Black "Manea, Alexandru"]
[Result "1-0"]
[WhiteElo "2577"]
[BlackElo "2326"]
[Annotator "ChessBase"]
[PlyCount "63"]
[EventDate "2019.04.18"]
[EventType "swiss"]
[EventCountry "GER"]
[SourceTitle "playchess.com"]
[Source "ChessBase"]
[SourceQuality "1"]

1. d4 d5 2. c4 c6 3. Nf3 Nf6 4. e3 Bf5 5. Nc3 a6 6. Bd2 e6 7. Qb3 Ra7 8. Nh4 Bg6 9. Nxg6 hxg6 10. g3 Be7 11. Bg2 Nbd7 12. O-O Nb6 13. cxd5 cxd5 14. e4 dxe4 15. Nxe4 Nbd5 16. Nc5 b6 17. Nxa6 O-O 18. Nb4 Bxb4 19. Bxb4 Nxb4 20. Qxb4 Rd7 21. Rfd1 e5 22. d5 Nxd5 23. Qb5 Nf6 24. Rxd7 Qxd7 25. Qxb6 e4 26. a4 Re8 27. a5 e3 28. fxe3 Qd2 29. Qd4 Qe2 30. a6 Ng4 31. a7 Kh7 32. h3 1-0

[Event "4th GRENKE Open 2019"]
[Site "Karlsruhe"]
[Date "2019.04.22"]
[Round "9.23"]
[White "Korley, Kassa"]
[Black "Kollars, Dmitrij"]
[Result "1-0"]
[WhiteElo "2440"]
[BlackElo "2570"]
[Annotator "ChessBase"]
[PlyCount "73"]
[EventDate "2019.04.18"]
[EventType "swiss"]
[EventCountry "GER"]
[SourceTitle "playchess.com"]
[Source "ChessBase"]
[SourceQuality "1"]

1. d4 Nf6 2. Nf3 g6 3. Bf4 Bg7 4. e3 c5 5. c3 b6 6. Be2 O-O 7. O-O d6 8. h3 Bb7 9. Nbd2 Nbd7 10. a4 a6 11. Bg3 Rc8 12. Re1 Rc7 13. Qb3 Qa8 14. Bf1 Rfc8 15. Ng5 c4 16. Qc2 h6 17. Ngf3 Ne4 18. Nxe4 Bxe4 19. Qd1 Bxf3 20. gxf3 e5 21. f4 e4 22. f5 Qd5 23. fxg6 fxg6 24. b3 b5 25. axb5 axb5 26. Ra5 Qc6 27. bxc4 bxc4 28. Qg4 Kh7 29. Qe6 Nf6 30. Qxd6 Qb7 31. Qb4 Qxb4 32. cxb4 Rb7 33. Rc5 Ra8 34. Rxc4 Ra2 35. Rb1 Nh5 36. Rc7 Rb6 37. Be5 1-0

[Event "4th GRENKE Open 2019"]
[Site "Karlsruhe"]
[Date "2019.04.22"]
[Round "9.24"]
[White "Krause, Benedict"]
[Black "Hakobyan, Aram"]
[Result "0-1"]
[WhiteElo "2435"]
[BlackElo "2554"]
[Annotator "TA"]
[PlyCount "100"]
[EventDate "2019.04.18"]
[EventType "swiss"]
[EventCountry "GER"]
[SourceTitle "playchess.com"]
[Source "ChessBase"]
[SourceQuality "1"]

1. e4 e5 2. Nf3 Nc6 3. Bc4 Bc5 4. O-O d6 5. c3 Nf6 6. d3 a6 7. Nbd2 Ba7 8. Bb3 Qe7 9. Nc4 h6 10. Ne3 Be6 11. Re1 Bxe3 12. Bxe3 O-O 13. h3 Rad8 14. Bc2 d5 15. Qe2 Rfe8 16. a4 a5 17. d4 exd4 18. Bxd4 Nxe4 19. Bxe4 dxe4 20. Qxe4 f6 21. Qg6 Qf7 22. Qxf7+ Kxf7 23. Be3 b6 24. Bf4 Re7 25. Rac1 g5 26. Bg3 f5 27. Ne5+ Nxe5 28. Bxe5 Bb3 29. c4 Rde8 30. Bc3 Rxe1+ 31. Rxe1 Rxe1+ 32. Bxe1 Bxc4 33. b4 axb4 34. Bxb4 Ke6 35. a5 b5 36. g4 f4 37. Bf8 Kf6 38. Bxh6 b4 39. Bf8 b3 40. Ba3 Ke5 41. f3 Kd4 42. Kf2 c5 43. h4 gxh4 44. g5 Bd5 45. Bb2+ Kd3 46. g6 c4 47. g7 c3 48. Bxc3 Kxc3 49. a6 b2 50. a7 b1=Q 0-1

[Event "4th GRENKE Open 2019"]
[Site "Karlsruhe"]
[Date "2019.04.22"]
[Round "9.25"]
[White "Monroy, Charles"]
[Black "Antal, Gergely"]
[Result "0-1"]
[WhiteElo "2433"]
[BlackElo "2552"]
[Annotator "ChessBase"]
[PlyCount "58"]
[EventDate "2019.04.18"]
[EventType "swiss"]
[EventCountry "GER"]
[SourceTitle "playchess.com"]
[Source "ChessBase"]
[SourceQuality "1"]

1. Nf3 c5 2. c4 Nf6 3. g3 d5 4. cxd5 Nxd5 5. Bg2 Nc6 6. Nc3 Nc7 7. O-O e5 8. a3 Rb8 9. b4 cxb4 10. axb4 Bxb4 11. Bb2 O-O 12. Qc2 a5 13. e3 Be6 14. Ne4 f6 15. d4 exd4 16. Nxd4 Nxd4 17. Bxd4 Nb5 18. Bc5 Rc8 19. Qa4 Nc3 20. Nxc3 Rxc5 21. Rfd1 Qb8 22. Nd5 b5 23. Qb3 Kh8 24. e4 Bc3 25. Ra2 Rfc8 26. Qb1 b4 27. Rc1 b3 28. Ra3 Bxd5 29. exd5 b2 0-1

[Event "4th GRENKE Open 2019"]
[Site "Karlsruhe"]
[Date "2019.04.22"]
[Round "9.26"]
[White "Gilevych, Artem"]
[Black "Pavlidis, Antonios"]
[Result "1/2-1/2"]
[WhiteElo "2423"]
[BlackElo "2537"]
[Annotator "TA"]
[PlyCount "120"]
[EventDate "2019.04.18"]
[EventType "swiss"]
[EventCountry "GER"]
[SourceTitle "playchess.com"]
[Source "ChessBase"]
[SourceQuality "1"]

1. d4 Nf6 2. c4 g6 3. Nc3 Bg7 4. Nf3 d6 5. Bg5 c6 6. e4 O-O 7. Be2 d5 8. e5 Ne4 9. Be3 Nxc3 10. bxc3 c5 11. O-O Nc6 12. h3 dxc4 13. Bxc4 cxd4 14. cxd4 Na5 15. Bd3 Be6 16. Ng5 Bd5 17. Qg4 h6 18. Ne4 Nc4 19. Qh4 Nxe3 20. fxe3 Rc8 21. Rf3 f5 22. Nd2 Bxf3 23. Nxf3 e6 24. Qg3 g5 25. Rb1 Rc3 26. Rb3 Qc7 27. Kh2 b6 28. Bb5 Rc1 29. h4 g4 30. Ne1 Ra1 31. Nd3 a6 32. Bxa6 Rxa2 33. Bb5 Qc2 34. Rb4 Ra3 35. Rb2 Qd1 36. Nf4 Rc8 37. Bd7 Rc1 38. Bxe6+ Kh8 39. Qf2 g3+ 40. Kxg3 Qg4+ 41. Kh2 Raa1 42. g3 Rh1+ 43. Kg2 Raf1 44. Qxf1 Rxf1 45. Kxf1 Qxg3 46. Re2 b5 47. Bxf5 b4 48. e6 Qf3+ 49. Ke1 Bf6 50. Kd2 h5 51. Bd3 Kg7 52. d5 Bc3+ 53. Kc2 Kf6 54. d6 Qc6 55. d7 Qa4+ 56. Kc1 Qa3+ 57. Kc2 Qa2+ 58. Kc1 Qa3+ 59. Kc2 Qb2+ 60. Kd1 Qa1+ 1/2-1/2

[Event "4th GRENKE Open 2019"]
[Site "Karlsruhe"]
[Date "2019.04.22"]
[Round "9.27"]
[White "Low, Zhen Yu Cyrus"]
[Black "Annaberdiev, Meilis"]
[Result "1/2-1/2"]
[WhiteElo "2418"]
[BlackElo "2525"]
[Annotator "ChessBase"]
[PlyCount "47"]
[EventDate "2019.04.18"]
[EventType "swiss"]
[EventCountry "GER"]
[SourceTitle "playchess.com"]
[Source "ChessBase"]
[SourceQuality "1"]

1. e4 e5 2. Nf3 Nc6 3. Bc4 Nf6 4. Ng5 d5 5. exd5 Na5 6. Bb5+ c6 7. dxc6 bxc6 8. Bd3 h6 9. Ne4 Nd5 10. O-O Nf4 11. Be2 Be7 12. Re1 Nxe2+ 13. Qxe2 O-O 14. d3 f5 15. Nec3 Bd6 16. Nd2 Ba6 17. Qe3 Qc7 18. h3 Rae8 19. b3 e4 20. dxe4 Bf4 21. Qc5 Bd6 22. Qe3 Bf4 23. Qc5 Bd6 24. Qe3 1/2-1/2

[Event "4th GRENKE Open 2019"]
[Site "Karlsruhe"]
[Date "2019.04.22"]
[Round "9.28"]
[White "Kunin, Vitaly"]
[Black "Agrest, Inna"]
[Result "1-0"]
[WhiteElo "2520"]
[BlackElo "2276"]
[Annotator "ChessBase"]
[PlyCount "79"]
[EventDate "2019.04.18"]
[EventType "swiss"]
[EventCountry "GER"]
[SourceTitle "playchess.com"]
[Source "ChessBase"]
[SourceQuality "1"]

1. d4 Nf6 2. Nf3 g6 3. g3 Bg7 4. Bg2 O-O 5. O-O d6 6. a4 a5 7. Nc3 Nbd7 8. e4 e5 9. Re1 c6 10. d5 Nc5 11. h3 Re8 12. Nd2 h6 13. Nc4 Bf8 14. Be3 Qc7 15. b3 Kh7 16. Qf3 Bg7 17. Rad1 cxd5 18. Nb5 Qb8 19. Ncxd6 d4 20. Nxe8 Nxe8 21. Qxf7 Be6 22. Qe7 Kg8 23. Qxc5 Bf8 24. Qb6 Ra6 25. Bxd4 Rxb6 26. Bxb6 Be7 27. Kh2 h5 28. Bxa5 h4 29. Bb6 g5 30. Re3 g4 31. Red3 Qc8 32. Rc3 Qa8 33. gxh4 Bxh4 34. a5 Be7 35. Rcd3 Kf7 36. Rd8 Bxd8 37. Rxd8 Qa6 38. Bf1 Ke7 39. Rxe8+ Kxe8 40. Nc7+ 1-0

[Event "4th GRENKE Open 2019"]
[Site "Karlsruhe"]
[Date "2019.04.22"]
[Round "9.29"]
[White "Thinius, Marco"]
[Black "Basso, Pier Luigi"]
[Result "0-1"]
[WhiteElo "2406"]
[BlackElo "2516"]
[Annotator "ChessBase"]
[PlyCount "78"]
[EventDate "2019.04.18"]
[EventType "swiss"]
[EventCountry "GER"]
[SourceTitle "playchess.com"]
[Source "ChessBase"]
[SourceQuality "1"]

1. Nf3 d5 2. g3 c6 3. Bg2 Bg4 4. O-O e6 5. d3 Bd6 6. c4 Nf6 7. cxd5 cxd5 8. Qb3 Qe7 9. e4 Bxf3 10. Bxf3 dxe4 11. dxe4 Nc6 12. Nc3 O-O 13. Bg2 Be5 14. Ne2 Rfd8 15. Bg5 Qb4 16. Rab1 Qxb3 17. axb3 h6 18. Bxf6 gxf6 19. f4 Bd4+ 20. Kh1 Be3 21. Rfd1 Nb4 22. Bf3 Bd2 23. Nc3 Rac8 24. e5 fxe5 25. Ne4 Be3 26. fxe5 Nd3 27. Nf6+ Kg7 28. Ng4 Bb6 29. Bxb7 Rc7 30. Ba6 Rcd7 31. Rf1 Rd4 32. Bxd3 Rxd3 33. Rf6 h5 34. Nf2 Re3 35. Rf1 Rd7 36. Nh3 Rxe5 37. R6f3 Rc5 38. Nf4 Rf5 39. Nd3 Rxd3 0-1

[Event "4th GRENKE Open 2019"]
[Site "Karlsruhe"]
[Date "2019.04.22"]
[Round "9.30"]
[White "Chylewski, Patryk"]
[Black "Nasuta, Grzegorz"]
[Result "1/2-1/2"]
[WhiteElo "2391"]
[BlackElo "2516"]
[Annotator "ChessBase"]
[PlyCount "26"]
[EventDate "2019.04.18"]
[EventType "swiss"]
[EventCountry "GER"]
[SourceTitle "playchess.com"]
[Source "ChessBase"]
[SourceQuality "1"]

1. c4 e5 2. Nc3 Nf6 3. e3 Bb4 4. Nge2 O-O 5. a3 Be7 6. g3 d5 7. cxd5 Nxd5 8. Bg2 Nxc3 9. Nxc3 c6 10. d4 exd4 11. exd4 Nd7 12. O-O Nb6 13. d5 cxd5 1/2-1/2

[Event "4th GRENKE Open 2019"]
[Site "Karlsruhe"]
[Date "2019.04.22"]
[Round "9.31"]
[White "Pranav Anand"]
[Black "Van Wely, Loek"]
[Result "1/2-1/2"]
[WhiteElo "2359"]
[BlackElo "2612"]
[Annotator "TA"]
[PlyCount "61"]
[EventDate "2019.04.18"]
[EventType "swiss"]
[EventCountry "GER"]
[SourceTitle "playchess.com"]
[Source "ChessBase"]
[SourceQuality "1"]

1. d4 Nf6 2. c4 e6 3. Nc3 Bb4 4. f3 d5 5. a3 Be7 6. e4 dxe4 7. fxe4 e5 8. d5 Bc5 9. Bg5 a5 10. Nf3 O-O 11. Bd3 Nbd7 12. Qd2 a4 13. O-O-O h6 14. Bh4 Be7 15. Bf2 Nc5 16. Bc2 Nb3+ 17. Bxb3 axb3 18. Nxe5 Re8 19. Nd3 Ng4 20. Bg3 f5 21. e5 Bg5 22. Bf4 Nxe5 23. Nxe5 Rxe5 24. Bxg5 hxg5 25. Rhe1 Rxe1 26. Rxe1 f4 27. Qd1 g4 28. Qd2 f3 29. gxf3 gxf3 30. Qf4 Qf8 31. Qxf8+ 1/2-1/2

[Event "4th GRENKE Open 2019"]
[Site "Karlsruhe"]
[Date "2019.04.22"]
[Round "9.33"]
[White "Gschnitzer, Adrian"]
[Black "Moussard, Jules"]
[Result "1/2-1/2"]
[WhiteElo "2380"]
[BlackElo "2598"]
[Annotator "RC"]
[PlyCount "45"]
[EventDate "2019.04.18"]
[EventType "swiss"]
[EventCountry "GER"]
[SourceTitle "playchess.com"]
[Source "ChessBase"]
[SourceQuality "1"]

1. e4 c5 2. Nf3 d6 3. d4 cxd4 4. Nxd4 Nf6 5. Nc3 a6 6. Be3 e5 7. Nb3 Be6 8. f4 exf4 9. Bxf4 Nc6 10. Qe2 Be7 11. h3 Nd7 12. O-O-O Nce5 13. Nd5 Bxd5 14. exd5 O-O 15. g4 Re8 16. Kb1 Bh4 17. Qg2 Qf6 18. Bg3 Ng6 19. Bd3 Re3 20. Bxh4 Nxh4 21. Qd2 Rae8 22. Qb4 Rb8 23. g5 1/2-1/2

[Event "4th GRENKE Open 2019"]
[Site "Karlsruhe"]
[Date "2019.04.22"]
[Round "9.34"]
[White "Zeller, Frank"]
[Black "Indjic, Aleksandar"]
[Result "0-1"]
[WhiteElo "2377"]
[BlackElo "2592"]
[Annotator "ChessBase"]
[PlyCount "74"]
[EventDate "2019.04.18"]
[EventType "swiss"]
[EventCountry "GER"]
[SourceTitle "playchess.com"]
[Source "ChessBase"]
[SourceQuality "1"]

1. e4 e5 2. Nf3 Nc6 3. Bb5 a6 4. Ba4 Nf6 5. O-O Be7 6. Re1 b5 7. Bb3 d6 8. c3 O-O 9. h3 Na5 10. Bc2 c5 11. d4 Nd7 12. Nbd2 exd4 13. cxd4 Nc6 14. d5 Nce5 15. a4 Rb8 16. axb5 axb5 17. Nxe5 Nxe5 18. f4 Ng6 19. Nf3 Bh4 20. Rf1 Bg3 21. f5 Ne5 22. Ng5 h6 23. f6 gxf6 24. Nf3 Kg7 25. Ra3 b4 26. Re3 Bf4 27. Ree1 Bxc1 28. Qxc1 Ra8 29. Re3 Qe7 30. Nh4 Kh7 31. Re2 Rg8 32. Ref2 Bxh3 33. Rxf6 Rg5 34. Kh1 Bd7 35. Qf4 Kg7 36. b3 Ra1 37. Rxf7+ Nxf7 0-1

[Event "4th GRENKE Open 2019"]
[Site "Karlsruhe"]
[Date "2019.04.22"]
[Round "9.35"]
[White "Kozul, Zdenko"]
[Black "Chekletsov, Ilya"]
[Result "0-1"]
[WhiteElo "2589"]
[BlackElo "2373"]
[Annotator "ChessBase"]
[PlyCount "74"]
[EventDate "2019.04.18"]
[EventType "swiss"]
[EventCountry "GER"]
[SourceTitle "playchess.com"]
[Source "ChessBase"]
[SourceQuality "1"]

1. Nf3 Nf6 2. c4 e6 3. g3 a6 4. Bg2 b5 5. b3 Bb7 6. O-O c5 7. Nc3 Qb6 8. e3 d6 9. Qe2 b4 10. Na4 Qc7 11. Bb2 Nbd7 12. a3 a5 13. axb4 axb4 14. Ne1 Bxg2 15. Nxg2 Be7 16. g4 O-O 17. g5 Ne8 18. f4 Qc6 19. e4 Nc7 20. d3 f6 21. h4 d5 22. cxd5 exd5 23. Ne3 d4 24. Nf5 Qe6 25. Qc2 Rfc8 26. Rac1 Bf8 27. gxf6 Qxf6 28. Rf2 Kh8 29. Qc4 Ne6 30. h5 Nxf4 31. Rxf4 Qg5+ 32. Kh1 Qxf4 33. Qe6 Ne5 34. h6 Rc6 35. Nxc5 Rxe6 36. Nxe6 Qf3+ 37. Kg1 Qe2 0-1

[Event "4th GRENKE Open 2019"]
[Site "Karlsruhe"]
[Date "2019.04.22"]
[Round "9.36"]
[White "Colpe, Malte"]
[Black "Schroeder, Jan-Christian"]
[Result "0-1"]
[WhiteElo "2374"]
[BlackElo "2577"]
[Annotator "TA"]
[PlyCount "124"]
[EventDate "2019.04.18"]
[EventType "swiss"]
[EventCountry "GER"]
[SourceTitle "playchess.com"]
[Source "ChessBase"]
[SourceQuality "1"]

1. d4 d5 2. c4 e6 3. Nc3 Be7 4. cxd5 exd5 5. Bf4 c6 6. e3 Bf5 7. Nge2 Nf6 8. Ng3 Bg6 9. h4 h5 10. Bg5 Nbd7 11. Bd3 Bxd3 12. Qxd3 g6 13. O-O-O Ng4 14. Bxe7 Qxe7 15. Rd2 O-O-O 16. Re2 Qd6 17. Nf1 Rhe8 18. Nd2 f5 19. Kb1 Kb8 20. Nb3 Ngf6 21. f3 Nb6 22. Nc5 Re7 23. b3 Rde8 24. Qd2 Nbd7 25. Nd3 Rg7 26. Nf4 Nf8 27. Na4 N6d7 28. Nb2 Ne6 29. Nxe6 Qxe6 30. Nd3 Qf6 31. Qe1 Qd6 32. Qd2 Rge7 33. Nf4 Nf8 34. Nd3 Qf6 35. Ne5 Nd7 36. Nd3 Nf8 37. Ne5 Ne6 38. g3 Nf8 39. Rc1 Nd7 40. f4 Qd6 41. Kb2 Nf6 42. Qe1 Ne4 43. Rec2 Rc7 44. a3 Rec8 45. Qb4 Qe6 46. Ka2 b6 47. a4 Ka8 48. Kb2 c5 49. Qb5 Nd6 50. Qe2 c4 51. Qe1 a5 52. Ka1 Ne4 53. Qe2 Qd6 54. bxc4 Qa3+ 55. Kb1 Ka7 56. Qd3 Qb4+ 57. Rb2 dxc4 58. Nxc4 Rxc4 59. Rxb4 Rxb4+ 60. Ka2 Rxc1 61. d5 Nc3+ 62. Ka3 Ra1# 0-1

[Event "4th GRENKE Open 2019"]
[Site "Karlsruhe"]
[Date "2019.04.22"]
[Round "9.37"]
[White "Noe, Christopher"]
[Black "Soham Das"]
[Result "1/2-1/2"]
[WhiteElo "2537"]
[BlackElo "2367"]
[Annotator "TA"]
[PlyCount "73"]
[EventDate "2019.04.18"]
[EventType "swiss"]
[EventCountry "GER"]
[SourceTitle "playchess.com"]
[Source "ChessBase"]
[SourceQuality "1"]

1. Nf3 f5 2. c4 Nf6 3. d4 g6 4. g3 Bg7 5. Bg2 d6 6. O-O O-O 7. Nc3 Qe8 8. d5 Na6 9. Ne1 e5 10. dxe6 Nc5 11. Nd3 Nxe6 12. Nf4 Nc5 13. Be3 Nfe4 14. Nxe4 Nxe4 15. Bd4 Be5 16. Nd5 Qf7 17. f4 Bg7 18. Bxe4 fxe4 19. Ne3 Bh3 20. Rf2 Rae8 21. Bxg7 Kxg7 22. Qd4+ Qf6 23. Rd1 Qxd4 24. Rxd4 h5 25. Rd5 Rf7 26. b4 Re6 27. a3 c6 28. Rd4 c5 29. Rd1 cxb4 30. axb4 Rc7 31. f5 Bxf5 32. Kg2 Rf7 33. Rf4 Ref6 34. Nd5 Re6 35. Ne3 Ref6 36. Nd5 Re6 37. Ne3 1/2-1/2

[Event "4th GRENKE Open 2019"]
[Site "Karlsruhe"]
[Date "2019.04.22"]
[Round "9.38"]
[White "Dann, Matthias"]
[Black "Shvayger, Yuliya"]
[Result "1/2-1/2"]
[WhiteElo "2520"]
[BlackElo "2366"]
[Annotator "ChessBase"]
[PlyCount "53"]
[EventDate "2019.04.18"]
[EventType "swiss"]
[EventCountry "GER"]
[SourceTitle "playchess.com"]
[Source "ChessBase"]
[SourceQuality "1"]

1. e4 c5 2. Nf3 Nc6 3. d4 cxd4 4. Nxd4 e5 5. Nb5 d6 6. N1c3 a6 7. Na3 b5 8. Nd5 Nge7 9. c4 Nxd5 10. exd5 Nd4 11. cxb5 Bd7 12. Bd3 axb5 13. O-O Be7 14. Be3 b4 15. Nc4 O-O 16. Bxd4 exd4 17. Qd2 Rb8 18. Rfe1 Bb5 19. a4 bxa3 20. bxa3 Bg5 21. f4 Bxc4 22. Bxc4 Bf6 23. a4 d3 24. Rab1 Qc7 25. Qxd3 Qa7+ 26. Kh1 Qxa4 27. g3 1/2-1/2

[Event "4th GRENKE Open 2019"]
[Site "Karlsruhe"]
[Date "2019.04.22"]
[Round "9.39"]
[White "Shyam, Sundar M."]
[Black "Van Delft, Merijn"]
[Result "1-0"]
[WhiteElo "2519"]
[BlackElo "2359"]
[Annotator "ChessBase"]
[PlyCount "59"]
[EventDate "2019.04.18"]
[EventType "swiss"]
[EventCountry "GER"]
[SourceTitle "playchess.com"]
[Source "ChessBase"]
[SourceQuality "1"]

1. e4 c5 2. Nf3 d6 3. d4 cxd4 4. Nxd4 Nf6 5. Nc3 a6 6. Be3 e6 7. Be2 Qc7 8. g4 b5 9. g5 b4 10. Ncb5 axb5 11. gxf6 gxf6 12. Nxb5 Qd7 13. Qd4 Nc6 14. Qxf6 Rg8 15. Rd1 Be7 16. Qh6 Bb7 17. Bb6 Rc8 18. Qxh7 Rf8 19. f4 e5 20. Rg1 Nd4 21. Bxd4 Rxc2 22. Bd3 exd4 23. Bxc2 Qxb5 24. Rg8 b3 25. Rxf8+ Bxf8 26. Bxb3 d5 27. Kf2 d3 28. exd5 Bxd5 29. Qxd3 Bc5+ 30. Kg3 1-0

[Event "4th GRENKE Open 2019"]
[Site "Karlsruhe"]
[Date "2019.04.22"]
[Round "9.40"]
[White "Coenen, Michael"]
[Black "Admiraal, Miguoel"]
[Result "1/2-1/2"]
[WhiteElo "2357"]
[BlackElo "2516"]
[Annotator "TA"]
[PlyCount "99"]
[EventDate "2019.04.18"]
[EventType "swiss"]
[EventCountry "GER"]
[SourceTitle "playchess.com"]
[Source "ChessBase"]
[SourceQuality "1"]

1. d4 e6 2. e4 d5 3. Nc3 dxe4 4. Nxe4 Bd7 5. Nf3 Bc6 6. Bd3 Nd7 7. O-O Ngf6 8. Qe2 Bxe4 9. Bxe4 Nxe4 10. Qxe4 c6 11. c3 Be7 12. Bf4 O-O 13. Qe2 a5 14. Rfd1 a4 15. c4 Nf6 16. h3 Qa5 17. Rac1 Rad8 18. Qd2 Qa6 19. Bc7 Rd7 20. Qa5 Qxa5 21. Bxa5 Ra8 22. Be1 Rdd8 23. Kf1 Ne4 24. Ke2 Bf6 25. Rc2 h5 26. g4 hxg4 27. hxg4 g6 28. Ke3 Nd6 29. Bb4 b5 30. Bxd6 Rxd6 31. g5 Bg7 32. cxb5 cxb5 33. Rc5 Rb8 34. Rd2 Bf8 35. Rdc2 Rdd8 36. Rc7 Bd6 37. R7c6 Kg7 38. Ke4 b4 39. R2c4 Rb5 40. Rc8 Rxc8 41. Rxc8 b3 42. axb3 Rxb3 43. Rc2 Rb4 44. Ne5 Bxe5 45. Kxe5 Rb5+ 46. Kf4 Rd5 47. Rc4 Rf5+ 48. Ke3 Rb5 49. Rxa4 Rxb2 50. Ke4 1/2-1/2

[Event "4th GRENKE Open 2019"]
[Site "Karlsruhe"]
[Date "2019.04.22"]
[Round "9.41"]
[White "Dragnev, Valentin"]
[Black "Jahncke, Giso"]
[Result "1-0"]
[WhiteElo "2514"]
[BlackElo "2357"]
[Annotator "TA"]
[PlyCount "87"]
[EventDate "2019.04.18"]
[EventType "swiss"]
[EventCountry "GER"]
[SourceTitle "playchess.com"]
[Source "ChessBase"]
[SourceQuality "1"]

1. d4 d5 2. c4 c6 3. Nf3 Nf6 4. Nc3 dxc4 5. e4 b5 6. Be2 e6 7. O-O Be7 8. a4 b4 9. e5 bxc3 10. exf6 Bxf6 11. bxc3 O-O 12. Bxc4 Ba6 13. Bxa6 Nxa6 14. Ba3 Re8 15. Qd3 Qa5 16. Nd2 c5 17. Qb5 Qxb5 18. axb5 Nc7 19. Bxc5 Nxb5 20. Ne4 a6 21. Nxf6+ gxf6 22. c4 Nc3 23. Rfe1 e5 24. Kf1 exd4 25. Bxd4 Ne4 26. Rad1 f5 27. c5 Rec8 28. g4 Ng5 29. Re5 Rd8 30. gxf5 Nf3 31. Re4 Rxd4 32. Rdxd4 Nxd4 33. Rxd4 Kg7 34. Ke2 Kf6 35. Kd3 Kxf5 36. Kc4 Ke6 37. c6 a5 38. Kb5 Ke5 39. Kc5 a4 40. c7 a3 41. Rd1 a2 42. Ra1 Ra3 43. Kb4 Ra8 44. Kb5 1-0

[Event "4th GRENKE Open 2019"]
[Site "Karlsruhe"]
[Date "2019.04.22"]
[Round "9.42"]
[White "Parkhov, Yair"]
[Black "Studer, Noel"]
[Result "1/2-1/2"]
[WhiteElo "2352"]
[BlackElo "2514"]
[Annotator "ChessBase"]
[PlyCount "42"]
[EventDate "2019.04.18"]
[EventType "swiss"]
[EventCountry "GER"]
[SourceTitle "playchess.com"]
[Source "ChessBase"]
[SourceQuality "1"]

1. d4 d5 2. Nf3 e6 3. Bf4 Nf6 4. e3 Bd6 5. Bxd6 Qxd6 6. c4 c5 7. cxd5 Nxd5 8. Bc4 Nb6 9. Bb5+ Bd7 10. Nc3 cxd4 11. Qxd4 Qxd4 12. Nxd4 Ke7 13. O-O-O Rc8 14. Kb1 a6 15. Be2 Nc4 16. Rc1 b5 17. b3 Nd6 18. Bf3 Ra7 19. Ne4 Rac7 20. Rxc7 Rxc7 21. Rc1 Rxc1+ 1/2-1/2

[Event "4th GRENKE Open 2019"]
[Site "Karlsruhe"]
[Date "2019.04.22"]
[Round "9.43"]
[White "Arman, Deniz"]
[Black "Zanan, Evgeny"]
[Result "1/2-1/2"]
[WhiteElo "2346"]
[BlackElo "2510"]
[Annotator "TA"]
[PlyCount "81"]
[EventDate "2019.04.18"]
[EventType "swiss"]
[EventCountry "GER"]
[SourceTitle "playchess.com"]
[Source "ChessBase"]
[SourceQuality "1"]

1. e4 e5 2. Nf3 Nc6 3. d4 exd4 4. Bc4 Nf6 5. O-O Nxe4 6. Re1 d5 7. Bxd5 Qxd5 8. Nc3 Qh5 9. Nxe4 Be6 10. Bg5 h6 11. Bf6 Qd5 12. c4 dxc3 13. Qc2 Be7 14. Rad1 Qh5 15. Bxe7 Nxe7 16. Qa4+ Nc6 17. Nd4 O-O 18. Nxc6 bxc6 19. Nxc3 Qc5 20. Qf4 Rab8 21. Rd2 Qe7 22. Qa4 Qc5 23. Qf4 Qa5 24. Qf3 c5 25. h3 c4 26. Qf4 Rfd8 27. Re5 Qb4 28. Rb5 Qe7 29. Rxb8 Rxb8 30. Qe3 c6 31. Qd4 Qc7 32. Qc5 Qb6 33. Qd6 Rb7 34. Na4 Qc7 35. Qd4 Bd5 36. Nc3 Be6 37. Na4 Rb5 38. Nc3 Rb8 39. Qc5 Qb6 40. Qd6 Rb7 41. Na4 1/2-1/2

[Event "4th GRENKE Open 2019"]
[Site "Karlsruhe"]
[Date "2019.04.22"]
[Round "9.44"]
[White "Schneider, Ilja"]
[Black "Krause, Jonah"]
[Result "1-0"]
[WhiteElo "2504"]
[BlackElo "2343"]
[Annotator "ChessBase"]
[PlyCount "81"]
[EventDate "2019.04.18"]
[EventType "swiss"]
[EventCountry "GER"]
[SourceTitle "playchess.com"]
[Source "ChessBase"]
[SourceQuality "1"]

1. e4 c5 2. c3 Nf6 3. e5 Nd5 4. Nf3 d6 5. d4 cxd4 6. Qxd4 e6 7. Nbd2 Nc6 8. Bb5 Bd7 9. Bxc6 Bxc6 10. Nc4 dxe5 11. Ncxe5 f6 12. Nxc6 bxc6 13. O-O e5 14. Qa4 Qc7 15. Rd1 Nb6 16. Qg4 Qf7 17. Be3 Nd5 18. Qc4 Qe6 19. Bc5 Kf7 20. Rd2 Nb6 21. Qxe6+ Kxe6 22. Bxf8 Rhxf8 23. Rad1 Ke7 24. b3 Rfd8 25. c4 Rxd2 26. Nxd2 Rd8 27. Kf1 f5 28. Ke2 g5 29. h3 h5 30. g4 fxg4 31. hxg4 hxg4 32. Rh1 Nd7 33. Rh7+ Ke6 34. Rh6+ Kf5 35. Nf1 e4 36. Ne3+ Ke5 37. Rxc6 Nf6 38. Rc5+ Kd4 39. Rxg5 Kc3 40. Nd5+ Nxd5 41. Rxd5 1-0

[Event "4th GRENKE Open 2019"]
[Site "Karlsruhe"]
[Date "2019.04.22"]
[Round "9.45"]
[White "Chernov, Vadim"]
[Black "Pijpers, Arthur"]
[Result "1/2-1/2"]
[WhiteElo "2345"]
[BlackElo "2485"]
[Annotator "RC"]
[PlyCount "32"]
[EventDate "2019.04.18"]
[EventType "swiss"]
[EventCountry "GER"]
[SourceTitle "playchess.com"]
[Source "ChessBase"]
[SourceQuality "1"]

1. e4 c5 2. Nf3 d6 3. Bb5+ Bd7 4. Bxd7+ Qxd7 5. O-O Nf6 6. e5 dxe5 7. Nxe5 Qc8 8. Qf3 e6 9. d3 Nbd7 10. Bf4 Nxe5 11. Bxe5 Be7 12. Nc3 O-O 13. a4 Qd7 14. a5 Nd5 15. Nxd5 Qxd5 16. Qxd5 exd5 1/2-1/2